000 00629nam a2200193 i 4500
001 29390
003 ES-MaACL
005 20230906154027.0
007 t|
008 030121s1971 sp ||||1| spa d
100 1 _aBarre, Raymond.
_925875
245 1 0 _aEconomía política /
_cpor Raymond Barre ; prólogo de Fabián Estapé ; traducción de José Ignacio García Lomas.
250 _a[6ª ed.].
260 _aBarcelona, etc. :
_bAriel,
_c[1971]
300 _a2 v. ;
_c23 cm.
700 1 _aEstapé, Fabián (
_d1923-2012)
_948011
700 1 _aGarcía Lomas, José Ignacio.
_954833
852 _aES-MaACL
_jC-38077-78
_bR.79209
999 _c29390
_d29390